KILLEYS FRACTURES OF THE MIDDLE THIRD OF THE FACIAL SKELETON (Record no. 3226)
[ view plain ]
| 000 -LEADER | |
|---|---|
| fixed length control field | 00398nam a2200145Ia 4500 |
| 008 - FIXED-LENGTH DATA ELEMENTS--GENERAL INFORMATION | |
| fixed length control field | 150201s1992 xx 000 0 und d |
| 082 ## - DEWEY DECIMAL CLASSIFICATION NUMBER | |
| Classification number | 617.6 |
| Item number | K1992P |
| 100 ## - MAIN ENTRY--PERSONAL NAME | |
| Personal name | PETER,BANKS |
| 245 ## - TITLE STATEMENT | |
| Title | KILLEYS FRACTURES OF THE MIDDLE THIRD OF THE FACIAL SKELETON |
| 250 ## - EDITION STATEMENT | |
| Edition statement | 5TH |
| 260 ## - PUBLICATION, DISTRIBUTION, ETC. (IMPRINT) | |
| Name of publisher, distributor, etc. | VARGHESE PUBLICATION |
| Place of publication, distribution, etc. | DADAR (MUMBAI) |
| Date of publication, distribution, etc. | 1992 |
| 300 ## - PHYSICAL DESCRIPTION | |
| Extent | 1-118 |
| 650 ## - SUBJECT ADDED ENTRY--TOPICAL TERM | |
| Topical term or geographic name as entry element | ORAL SURGERY |
| 942 ## - ADDED ENTRY ELEMENTS (KOHA) | |
| Source of classification or shelving scheme | Dewey Decimal Classification |
| Koha item type | Books |
| Koha issues (borrowed), all copies | 1 |
| Withdrawn status | Lost status | Source of classification or shelving scheme | Damaged status | Not for loan | Home library | Current library | Date acquired | Source of acquisition | Cost, normal purchase price | Serial Enumeration / chronology | SGTU | Bill Number | Total Checkouts | Full call number | Barcode | Date last seen | Date last checked out | Bill Date | Koha item type |
|---|---|---|---|---|---|---|---|---|---|---|---|---|---|---|---|---|---|---|---|
| Dewey Decimal Classification | SGT Dental Library | SGT Dental Library | 10/03/2005 | U.B.S.DELHI | 195.00 | 1 | SGTU | 1305 | 1 | 617.6 K1992P | FD3368 | 23/10/2025 | 16/10/2025 | 03/05/2012 | Books | ||||
| Dewey Decimal Classification | SGT Dental Library | SGT Dental Library | 10/03/2005 | U.B.S.DELHI | 195.00 | 1 | SGTU | 1305 | 617.6 K1992P | FD3369 | 02/06/2016 | 03/05/2012 | Books | ||||||
| Dewey Decimal Classification | SGT Dental Library | SGT Dental Library | 10/03/2005 | U.B.S.DELHI | 195.00 | 1 | SGTU | 1305 | 617.6 K1992P | FD3370 | 09/02/2015 | 03/05/2012 | Books | ||||||
| Dewey Decimal Classification | SGT Dental Library | SGT Dental Library | 10/03/2005 | U.B.S.DELHI | 195.00 | 1 | SGTU | 1305 | 1 | 617.6 K1992P | FD3371 | 20/09/2024 | 18/07/2024 | 03/05/2012 | Books | ||||
| Dewey Decimal Classification | SGT Dental Library | SGT Dental Library | 10/03/2005 | U.B.S.DELHI | 195.00 | 1 | SGTU | 1305 | 3 | 617.6 K1992P | FD3372 | 10/01/2026 | 01/01/2026 | 03/05/2012 | Books |